000 00392nam a2200145Ia 4500
008 150201s2000 xx 000 0 und d
082 _a612.015
_bE2000L
100 _aLAZZARI,EUGEN.P.
245 _aHANDBOOK OF EXPERIMENTAL ASPECTS OF ORAL BIOCHEMISTRY
250 _a1ST
260 _bCRC PRESS INC
_aBOCA RATON FLORIDA
_c2000
300 _a1-365
650 _aBIOCHEMISTRY
942 _2ddc
_cBK
999 _c2532
_d2532